000
00276nam a22001217a 4500
008
180730b xxu||||| |||| 00| 0 eng d
082
_2
813.52
245
_a
The art of Public Speaking
_c
Lucas, S.E
260
_c
2007
300
_a
1
440
_x
0073216410
942
_2
ddc
_c
MX
999
_c
46655
_d
46655